000 01394 a2200349 4500
003 Nust
005 20220727125925.0
020 _a0-13-711821-X ;
040 _cNust
082 _a004.36,BEN
100 1 _aBen-Ari, M.,
_974479
245 0 0 _aPrinciples of concurrent and distributed programming /
_cM. Ben-Ari
260 _aLondon :
_bPrentice-Hall International,
_c1990
300 _ax, 225 p .:
440 0 _aPrentice-Hall international series in computer science,
_994214
505 _aConcurrent Programming (Page-1), Distributed Programming (Page-81), Implementation Principles (Page-145).
650 7 _acomputer systems
_967620
650 7 _aDistribuerad databehandling
_995472
650 7 _aDistribuerade system
_995473
650 7 _aDistributed data processing
_995474
650 7 _aElectronic data processing
_xDistributed processing
_955832
650 7 _aOperating systems (Computers)
650 7 _aParallel processing (Computers)
_995475
650 7 _aParallel processing (Electronic computers)
_936595
650 7 _aParallel processing (Electronic computers)
_936595
650 7 _aParallell databehandling
_995476
650 7 _aParallellbearbetning (Datorer)
_995477
650 7 _aParallellbearbetning (Datorer)
_995477
650 7 _aSystemprogrammering och systemprogram
_995478
650 7 _aSystems programming and programs
_995479
942 _2ddc
_cBK
_k004.36,BEN
999 _c193301
_d193301